000 00349 a2200169 4500
001 188179
020 _a85-262-3841-8
040 _cMagnum
100 _aQuiles, Margarita Barberá
240 1 0 _aEl zorro
_lESP
245 1 0 _aEl zorro
300 _a111
362 0 _a2003
440 1 _aScipione
697 _aLITERATURA ESPANHOLA
942 _cBK
999 _c188179
_d188179